| 000 | 01592cam a22003854a 4500 | ||
|---|---|---|---|
| 001 | 11904668 | ||
| 003 | OSt | ||
| 005 | 20260121154622.0 | ||
| 008 | 000207s2000 mau b 001 0 eng | ||
| 010 | _a 00023014 | ||
| 020 | _a156563215X | ||
| 035 | _a11904668 | ||
| 040 |
_aDLC _cDLC _dDLC |
||
| 042 | _apcc | ||
| 050 | 0 | 0 |
_aBS1325.3 _bE83 2000 |
| 082 | 0 | 0 |
_a222/.4077 _221 |
| 100 | 1 | _aEvans, Mary J. | |
| 245 | 1 | 0 |
_a1 and 2 Samuel / _cMary J. Evans. |
| 246 | 3 | _aFirst and second Samuel | |
| 260 |
_aPeabody, Mass. : _bHendrickson Publishers ; _aCarlisle, Cumbria : _bPaternoster Press, _c2000. |
||
| 300 |
_axiv, 267 p. ; _c22 cm. |
||
| 336 |
_atext _btxt _2rdacontent |
||
| 337 |
_aunmediated _bn _2rdamedia |
||
| 338 |
_avolume _bnc _2rdacarrier |
||
| 440 | 0 |
_aNew International biblical commentary. _pOld Testament series ; _v6 |
|
| 504 | _aIncludes bibliographical references (p. [251]-255) and indexes. | ||
| 630 | 0 | 0 |
_aBible. _pSamuel _vCommentaries. |
| 655 | 7 |
_aCommentaries. _2lcgft _0https://id.loc.gov/authorities/genreForms/gf2025026014 |
|
| 856 | 4 | 2 |
_3Publisher description _uhttp://www.loc.gov/catdir/description/hend021/00023014.html |
| 856 | 4 | 2 |
_3Contributor biographical information _uhttp://www.loc.gov/catdir/enhancements/fy0706/00023014-b.html |
| 906 |
_a7 _bcbc _corignew _d1 _eocip _f20 _gy-gencatlg |
||
| 942 |
_2lcc _cBK |
||
| 999 |
_c21095 _d21094 |
||